Výpočet ekonomické hodnoty dobrovolnictví v podmínkách ČR - dobrý sluha, ale zlý pán?
Skúmanie ekonomickej hodnoty dobrovoľníctva v odbornej literatúre. Popularita dobrovoľníckej práce. Štatistika a výskumné správy. Kofinancovanie projektov a vstup do účtovníctva. Ekonomické hodnotenie dobrovoľníckych programov. Motivácia dobrovoľníkov.
Salvato in:
| Autore principale: | |
|---|---|
| Natura: | Capitolo di libro |
| Lingua: | ceco |
| Soggetti: | |
| Tags: |
Nessun Tag, puoi essere il primo ad aggiungerne!!
|
MARC
| LEADER | 00000nla a2200000 4500 | ||
|---|---|---|---|
| 001 | 0226960 | ||
| 005 | 20240417075111.2 | ||
| 041 | 0 | |a cze | |
| 044 | |a CZ | ||
| 245 | 1 | 0 | |a Výpočet ekonomické hodnoty dobrovolnictví v podmínkách ČR - dobrý sluha, ale zlý pán? |c Jakub Dostál |
| 520 | |a Skúmanie ekonomickej hodnoty dobrovoľníctva v odbornej literatúre. Popularita dobrovoľníckej práce. Štatistika a výskumné správy. Kofinancovanie projektov a vstup do účtovníctva. Ekonomické hodnotenie dobrovoľníckych programov. Motivácia dobrovoľníkov. | ||
| 610 | 2 | 0 | |a dobrovoľníctvo |
| 610 | 2 | 0 | |a práca |
| 610 | 2 | 0 | |a náhrada mzdy |
| 610 | 2 | 0 | |a hodnota |
| 610 | 2 | 0 | |a projekty |
| 610 | 2 | 0 | |a financovanie |
| 610 | 2 | 0 | |a financie |
| 100 | 1 | |a Dostál, Jakub | |